The daughters of Amazons: (Record no. 658)

MARC details
000 -LEADER
fixed length control field 007770000a22002410004500
003 - CONTROL NUMBER IDENTIFIER
control field LK-CoMWRAF
005 - DATE AND TIME OF LATEST TRANSACTION
control field 20240130002727.0
008 - FIXED-LENGTH DATA ELEMENTS--GENERAL INFORMATION
fixed length control field 230817t1996 ||||| |||| 00| 0 eng d
040 ## - CATALOGING SOURCE
Original cataloging agency LK-CoMWRAF
Modifying agency LK-CoMWRAF
Description conventions LK-CoMWRAF
041 ## - LANGUAGE CODE
Language code of text/sound track or separate title English
082 ## - DEWEY DECIMAL CLASSIFICATION NUMBER
Classification number 305.42
Item number TOK
942 ## - ADDED ENTRY ELEMENTS (KOHA)
Koha item type Books
100 ## - MAIN ENTRY--PERSONAL NAME
Personal name Tokhtakhodjaeva, Marfua
700 ## - ADDED ENTRY--PERSONAL NAME
Personal name Turgumbekova, Elmira
700 ## - ADDED ENTRY--PERSONAL NAME
Personal name Aslam, Sufian
Relator Term translator
700 ## - ADDED ENTRY--PERSONAL NAME
Personal name Balchin Cassandra
Relator Term editor
245 ## - TITLE STATEMENT
Title The daughters of Amazons:
Remainder of title voices from Central Asia
260 ## - PUBLICATION, DISTRIBUTION, ETC. (IMPRINT)
Place of publication, distribution, etc. Lahore:
Name of publisher, distributor, etc. Shirkat Gah Women's Resource Centre
Date of publication, distribution, etc. 1996
300 ## - PHYSICAL DESCRIPTION
Extent ix, 240 p. : map ; 25 cm.
650 ## - SUBJECT ADDED ENTRY--TOPICAL TERM
Topical term or geographic name as entry element WOMEN-Asia,Central--Social conditions
650 ## - SUBJECT ADDED ENTRY--TOPICAL TERM
Topical term or geographic name as entry element Muslim women--Asia, Central--Social conditions.
650 ## - SUBJECT ADDED ENTRY--TOPICAL TERM
Topical term or geographic name as entry element Women intellectuals--Asia, Central.
Holdings
Withdrawn status Lost status Damaged status Not for loan Permanent Location Current Location Date acquired Full call number Barcode Koha item type
        Resource center, Muslim Women's Research And Action Forum Resource center, Muslim Women's Research And Action Forum 2023-08-17 305.42 TOK RAF701 Books

Copyright © 2023 Muslim Women's Research and Action Forum (MWRAF), No 27/3, Anderson Road, Kalubowila, Dehiwela. Funded by The Asia Fundation